=LDR 00000nam 2200000 4500 =001 INLIS000000000001426 =005 20130612085830 =008 ***********************************Ind** =035 ##$$0010-061300000001426 =041 ##$$a Ind =082 ##$$a 813 =090 ##$$a 813, Had-t =100 ##$$a HADI, Wsiran =245 ##$$a Tamu, Wisran Hadi =260 ##$$a 1996 $b Jakarta =300 ##$$a 181 hlm, 21 cm =650 ##$$a Fiksi Indonesia =850 ##$$a NBPNMAT =990 ##$$a 21400613/BPAP-NTB/20142014 =990 ##$$a 0001/BPAP-NTB/2016